Central Library OPAC University of Rajshahi

Recent Soviet psychology / (Record no. 29830)

MARC details
000 -LEADER
fixed length control field 00845cam a22002651 4500
001 - CONTROL NUMBER
control field 29830
003 - CONTROL NUMBER IDENTIFIER
rucl marc code BD-RjUL
005 - DATE AND TIME OF LATEST TRANSACTION
control field 20211209051452.0
008 - FIXED-LENGTH DATA ELEMENTS--GENERAL INFORMATION
fixed length control field 140407s1961 enkh b 001 0 eng
035 ## - SYSTEM CONTROL NUMBER
System control number (BD-RjUL)29915
System control number (OCoLC)522957
040 ## - CATALOGING SOURCE
Original cataloging agency DLC
Transcribing agency OAU
Modifying agency OCoLC
-- Uk
-- DLC
-- BD-RjUL
Language of cataloging eng
041 ## - LANGUAGE CODE
Language code of text/sound track or separate title eng
082 ## - DEWEY DECIMAL CLASSIFICATION NUMBER
Classification number 150.72
Author mark and year REC 1961
245 10 - TITLE STATEMENT
Title Recent Soviet psychology /
Statement of responsibility, etc. Translated from the Russian by Ruth Kisch, R. Crawford and H. Asher.
260 ## - PUBLICATION, DISTRIBUTION, ETC. (IMPRINT)
Place of publication, distribution, etc. Oxford ;
-- New York :
Name of publisher, distributor, etc. Pergamon Press,
Date of publication, distribution, etc. c1961.
300 ## - PHYSICAL DESCRIPTION
Pagination 334 p. :
Illustrations ill. ;
Size 24 cm.
504 ## - BIBLIOGRAPHY, ETC. NOTE
Bibliography, etc Includes bibliographical references and indexes.
650 #0 - SUBJECT ADDED ENTRY--TOPICAL TERM
Topical term or geographic name as entry element Psychology
Form subdivision Translations into English.
9 (RLIN) 90781
700 1# - ADDED ENTRY--PERSONAL NAME
Personal name O'Connor, Neil,
942 ## - ADDED ENTRY ELEMENTS (KOHA)
Source of classification or shelving scheme Dewey Decimal Classification
Koha item type Books
Holdings
Lost status Source of classification or shelving scheme Damaged status Not for loan Collection code Permanent Location Current Location Shelving location Date acquired Source of acquisition Cost, normal purchase price Total Checkouts Full call number Date last seen Copy number Koha item type
  Dewey Decimal Classification   Added to bundle Non-fiction Central Library, University of Rajshahi Central Library, University of Rajshahi Reading Room 22/09/1965 Zetlinger 70.00   150.72 REC 1961 07/04/2014 C-1 Books